000
00298nam a22001337a 4500
020
_a
7008-5000-020308
082
_a
080
_b
VEL/S
100
_a
VELUPADAM, JOHNSON
245
_a
SMS FOR YOU
260
_a
THRISSUR
_b
H & C PUBLISHING HOUSE
_c
2008
300
_a
96
650
_a
JOKES
_z
INDIA
942
_c
BK
999
_c
5705
_d
5705